000 00372nam a2200133Ia 4500
005 20260328104316.0
008 260328s9999||||xx |||||||||||||| ||und||
100 _aKidney, Walter C.
245 4 _aThe Architecture of Choice :
_b Eclecticism in America, 1880-1930 /
_cWalter C. Kidney
260 _bGeorge Brazilier
300 _a177 p.
650 _aAMÉRICA
942 _cBK
999 _c11172
_d11172